| 000 | 00491cam a22001811 4500 | ||
|---|---|---|---|
| 001 | 280369 | ||
| 005 | 20180201031839.0 | ||
| 008 | 760315s1966 mnuab 000 0 eng | ||
| 010 | _a 66006378 | ||
| 040 |
_aDLC _cMRI _dDLC |
||
| 041 | _aeng | ||
| 080 |
_a34 BRO _x34 BRO |
||
| 100 | 1 | _a14 | |
| 101 | _aJUR | ||
| 245 | 1 | 0 |
_aBasic property law, _cby Olin L. Browder, Jr., Roger A. Cunningham [and] Joseph R. Julin. |
| 906 |
_a7 _bcbc _corignew _du _eocip _f19 _gy-gencatlg |
||
| 942 |
_2ddc _cBK |
||
| 999 |
_c41432 _d41432 |
||